000 00745nam a2200181Ia 4500
008 100921s9999 xx 000 0 und d
082 _b29903
_a923.6 थ 97
100 _aदेशपांडे जि.व्यं.
245 _aसुवासिक चंदन -डोमाळे मा.ग.
260 _bडोमाळे गौरव समिती,पुणे.
_c1997
300 _a104
_b---
365 _b5
520 _aचरित्रे-समाजसुधारक.
630 _aसुवासिक चंदन -डोमाळे मा.ग.
650 _aचरित्रे-समाजसुधारक.
730 _aसुवासिक चंदन -डोमाळे मा.ग.
942 _cBOOK
999 _c779016
_d779013